• 首页
  • 本馆介绍
  • 公告通知
  • 最新文献
  • 馆藏检索
  • 电子资源
  • 读者导购
  • 参考咨询
  • 我的图书馆
  • 登录
  • 详细信息显示
  • 放入我的书架
  • 预约/预借图书
  • 作者相关作品
  • 分类相关作品
  • 丛书相关作品
  • 出版社相关作品

书目信息

  • 表格格式
  • 工作单格式
  • 卡片格式
题名:
思维训练
    
 
作者: 王松林 主编 ;新东方教育科技集团公司 编著
分册:   三年级暑
出版信息: 杭州   浙江教育出版社  2019.05
页数: 108页
开本: 29cm
丛书名:
单 册:
中图分类: G624.503
科图分类:
主题词: 小学数学课--教学参考资料
电子资源:
ISBN: 978-7-5536-8921-0
000 01195nam0 2200265 450
001 0103152657
005 20201103152732.0
010    @a978-7-5536-8921-0@dCNY34.00
100    @a20190817d2019 cemy0chiy50 ea
101 0  @achi
102    @aCN@b330000
105    @aa z 000yy
106    @ar
200 1  @a思维训练@Asi wei xun lian@i三年级暑@eB@f新东方教育科技集团有限公司编著
210    @a杭州@c浙江教育出版社@d2019.05
215    @a108页@c图@d29cm@e1课后探究 (63页)
300    @a新东方启智数学
314    @a主编:王松林、吴旭
330    @a本书为启智数学思维训练系列教材B体系三年级暑假教材,难度适中,主要包括加减法凑整计算、竖式谜、基本应用题、归一问题和枚举计数等专题讲解和练习。启智数学思维训练系列教材分为A体系、B体系和C体系三个版本,精准精炼小学阶段学生应该掌握的数学知识点,重点剖析难点与易错点,深入巩固数学基础,练就数学思维与应考能力。学习目标明确;知识点清晰;例题具有代表性;版式清新活泼;内容丰富有趣。
606 0  @a小学数学课@j教学参考资料
690    @aG624.503@v5
701  0 @a王松林@Awang song lin@4主编
712 02 @a新东方教育科技集团公司@Axin dong fang jiao yu ke ji ji tuan gong si@4编著
801  0 @aCN@bBJSZM@c20201103
905    @b1257346-50@dG624.503@e1071@f5
    
    思维训练.三年级暑:B/新东方教育科技集团有限公司编著.-杭州:浙江教育出版社,2019.05
    108页:图;29cm+1课后探究 (63页)
    新东方启智数学
    
    ISBN 978-7-5536-8921-0:CNY34.00
    本书为启智数学思维训练系列教材B体系三年级暑假教材,难度适中,主要包括加减法凑整计算、竖式谜、基本应用题、归一问题和枚举计数等专题讲解和练习。启智数学思维训练系列教材分为A体系、B体系和C体系三个版本,精准精炼小学阶段学生应该掌握的数学知识点,重点剖析难点与易错点,深入巩固数学基础,练就数学思维与应考能力。学习目标明确;知识点清晰;例题具有代表性;版式清新活泼;内容丰富有趣。
●
相关链接 在E读中查询图书 在五车中查询图书 在当当中查询图书 在豆瓣中查询图书


正题名:思维训练     索取号:G624.503/1071         预约/预借

序号 登录号 条形码 馆藏地/架位号 状态 备注
1 1257346   212573464   第一样本阅览室/ [索取号:G624.503/1071] 在馆    
2 1257347   212573473   教育系资料室/ [索取号:G624.503/1071] 在馆    
3 1257348   212573482   教育系资料室/ [索取号:G624.503/1071] 在馆    
4 1257349   212573491   第四借阅区/ [索取号:G624.503/1071] 在馆    
5 1257350   212573507   第四借阅区/ [索取号:G624.503/1071] 在馆    
唐山师范学院图书馆 欢迎您!
大连网信软件有限公司© 版权所有